000 00972nam a2200229 a 4500
001 BRCA_1126
005 20190320203306.0
008 900918s1991 okua---##b---s001-0#eng-#
020 _a0806123257
040 _aDLC
_cDLC
_dDLC
050 4 _aN7908.6
_b.W76 1991
100 1 _aWroth, William
_d1938-
_93709
245 1 0 _aImages of penance, images of mercy
_bsouthwestern santos in the late nineteenth century
_cby William Wroth ; with an introduction to part 2 by Marta Weigle.
260 _aNorman, Oklahoma
_bPublished for Taylor Museum for Southwestern Studdies, Colorado Springs Fine Arts Center, by University of Oklahoma
_c1991.
300 _axvii, 196 p.
_bil. (principalmente a color)
_c30 cm.
500 _aIncluye índice alfabetico
504 _aBibliografía : p. [187]-190
650 1 4 _aSantos (Arte)
_xHistoria
_ySiglo XIX
_zNuevo Sudoeste
_93710
650 1 4 _aSantos (Arte)
_xCatálogos
_zNuevo Sudoeste
_93711
710 2 _aTaylor Museum
_93712
942 _2lcc
_cB
999 _c1004
_d1004